|
|
|
|
| LEADER |
00000nas a2200000 a 4500 |
| 001 |
ssj0070054 |
| 003 |
WaSeSS |
| 005 |
20200512172242.0 |
| 006 |
m d |
| 007 |
cr n |
| 008 |
070418d20062009ne qr p s 0 0eng |
| 010 |
|
|
|a 2007206112
|
| 016 |
7 |
|
|a 982188544
|2 DE-101
|
| 016 |
7 |
|
|a 2261436-9
|2 DE-600
|
| 016 |
7 |
|
|a 101305055
|2 DNLM
|
| 016 |
7 |
|
|a 013797044
|2 Uk
|
| 022 |
|
|
|l 1872-552X
|y 1872-552X
|
| 035 |
|
|
|a (WaSeSS)ssj0070054
|
| 040 |
|
|
|a NLM
|b eng
|c NLM
|d HLS
|d NLGGC
|d DLC
|d OCLCQ
|d DLC
|d OCLCQ
|d HLS
|d GBVCP
|d UKMGB
|d OCLCQ
|d OCLCO
|d OCLCF
|d OCLCO
|d OCLCQ
|d OCLCO
|d NLM
|d OCLCO
|d OCLCQ
|d OCLCA
|d WaSeSS
|
| 042 |
|
|
|a lccopycat
|
| 050 |
0 |
0 |
|a BF8.N2
|b N5
|
| 060 |
0 |
0 |
|a W1
|b NE138N
|
| 082 |
0 |
4 |
|a 150.5
|2 22
|
| 084 |
|
|
|a 77.00
|2 bcl
|
| 084 |
|
|
|a 5,2
|2 ssgn
|
| 222 |
|
0 |
|a Netherlands journal of psychology
|
| 245 |
0 |
0 |
|a Netherlands journal of psychology
|h [electronic resource].
|
| 260 |
|
|
|a Houten :
|b Bohn Stafleu Van Loghum
|
| 310 |
|
|
|a Quarterly
|
| 362 |
1 |
|
|a Began with vol. 62, no. 1 (Sept. 2006); ceased with v. 65, no. 4 (Dec. 2009).
|
| 506 |
|
|
|a License restrictions may limit access.
|
| 540 |
|
|
|a Current Copyright Fee: GBP17.50
|c 0.
|5 Uk
|
| 588 |
|
|
|a Description based on first issue; title from cover.
|
| 588 |
|
|
|a Latest issue consulted: Vol. 65, no. 4 (Dec. 2009).
|
| 650 |
|
0 |
|a Psychology
|v Periodicals.
|
| 650 |
1 |
2 |
|a Psychology.
|
| 650 |
|
7 |
|a Psychology.
|2 fast
|0 (OCoLC)fst01081447
|
| 650 |
1 |
7 |
|a Psychologie.
|2 gtt
|
| 655 |
|
0 |
|a Electronic journals.
|
| 776 |
0 |
|
|x 1876-8768
|
| 780 |
0 |
0 |
|t Nederlandsch tijdschrift voor de psychologie
|x 0028-2235
|w (DLC) 43040335
|w (OCoLC)9640180
|
| 850 |
|
|
|a DLC
|
| 856 |
4 |
0 |
|z Full text available from Research Library: 02/01/2004 to 12/31/2009
|u https://search.proquest.com/publication/54512
|